| 000 | 00673nam a2200181Ia 4500 | ||
|---|---|---|---|
| 008 | 151018s9999 xx 000 0 und d | ||
| 082 |
_bRBASDV11174 _a891.463 |
||
| 100 | _aमुरलीधर भोसेकर | ||
| 245 | _aसिद्धार्थाची यशोधारा | ||
| 250 | _b1 | ||
| 260 |
_bरविंद्र प्रकाशन _c1975 |
||
| 300 | _a148 | ||
| 600 | _aमुरलीधर भोसेकर | ||
| 630 | _aसिद्धार्थाची यशोधारा | ||
| 700 | _aमुरलीधर भोसेकर | ||
| 730 | _aसिद्धार्थाची यशोधारा | ||
| 942 | _cBOOK | ||
| 999 |
_c1013525 _d1013522 |
||